Durch den "Eisernen Vorhang" : (Titelsatznr. 8387)
[ MARC ]
| 000 -Satzkennung | |
|---|---|
| Kontrollfeld mit fester Länge | 00580nam a22001811c 4500 |
| 001 - Kontrollnummer | |
| Kontrollfeld | ht014739267 |
| 008 - Feld mit fester Länge zur physischen Beschreibung - Allgemeine Angaben | |
| Kontrollfeld mit fester Länge | 070116s2006 gw |||| 000u ger d |
| 020 ## - Internationale Standardbuchnummer | |
| Internationale Standardbuchnummer | 341228405x |
| Verknüpfung | 3-412-28405-x |
| 041 ## - Sprachcode | |
| Sprachcode des Textes/der Tonspur oder des separaten Titels | ger |
| 040 ## - Katalogisierungsquelle | |
| Übertragungsstelle | RU-10907106 |
| 003 - Kontrollnummer Identifier | |
| Kontrollfeld | RU-10907106 |
| 100 1# - Haupteintragung - Personenname | |
| Personenname | Fäßler, Peter E. |
| 245 00 - Titel | |
| Titel | Durch den "Eisernen Vorhang" : |
| Zusatz zum Titel | die deutsch-deutschen Wirtschaftsbeziehungen 1949 - 1969 / |
| Verfasserangabe etc. | Peter E. Fäßler |
| 264 ## - Produktion, Veröffentlichung, Distribution, Herstellung und Urheberrechtsvermerk | |
| Herstellungs-, Veröffentlichungs- Vertriebs-, Erzeugungsort | Köln [u.a.] : |
| Produzent, Herausgeber, Distributor, Hersteller | Böhlau, |
| Datum der Herstellung, der Veröffentlichung, des Vertriebs oder des Urheberschutzvermerks | 2006 |
| 300 ## - Physische Beschreibung | |
| Umfang | VII, 335 S. ; 230 mm x 150 mm |
| 490 #0 - Gesamttitelangabe | |
| Gesamttitelangabe | Wirtschafts- und sozialhistorische Studien |
| Bandnummer/Folgebezeichnung | 14 |
| 942 ## - Zusätzliche Felder (Koha) | |
| Koha-Medientyp | Monographien |
| Ausgeschieden | Verloren | Klassifikation oder Aufstellungssystematik | Beschädigt | Nicht entleihbar | Heimatbibliothek | Aufenthaltsbibliothek | Aufstellungsort | Erwerbungsdatum | Inventarnummer | Signatur | Barcode | Letzte Aktivität | Preis gültig von | Koha-Medientyp |
|---|---|---|---|---|---|---|---|---|---|---|---|---|---|---|
| Andere/Generische Klassifikation | MWN Osteuropa | MWN Osteuropa | Lesesaal - 1 | 16/01/2007 | 07-00298 | D 54 q Fäß | E004015079082EEE | 22/02/2021 | 22/03/2021 | Monographien |